000
00319pab a2200133 454500
008
180718b xxu||||| |||| 00| 0 eng d
100
_a
Sinsha, S.L.N
245
_a
The stock market scandal
650
_a
Mehta, Harshad
650
_a
Stock-Market
650
_a
Corruption
773
_a
Financial Express
909
_a
21671
999
_c
21671
_d
21671